|
|
|
|
| LEADER |
00000nam0a2200000 4500 |
| 001 |
145559 |
| 005 |
20231031144124.0 |
| 035 |
|
|
|a (RuTPU)RU\TPU\book\157765
|
| 090 |
|
|
|a 145559
|
| 100 |
|
|
|a 20081018d1970 m y0rusy50 ca
|
| 101 |
0 |
|
|a rus
|
| 102 |
|
|
|a RU
|
| 105 |
|
|
|a a z 001zy
|
| 200 |
1 |
|
|a Свойства бумаги
|f Д. М. Фляте
|
| 210 |
|
|
|a Москва
|c Лесная промышленность
|d 1970
|
| 215 |
|
|
|a 456 с.
|c ил.
|
| 320 |
|
|
|a Библиогр.: с. 449-454.
|
| 610 |
1 |
|
|a бумага
|
| 610 |
1 |
|
|a волокнистые материалы
|
| 610 |
1 |
|
|a структура
|
| 610 |
1 |
|
|a прочность
|
| 610 |
1 |
|
|a капиллярные свойства
|
| 610 |
1 |
|
|a гигроскопические свойства
|
| 610 |
1 |
|
|a оптические свойства
|
| 675 |
|
|
|a 676
|v 3
|
| 700 |
|
1 |
|a Фляте
|b Д. М.
|g Давид Моисеевич
|
| 801 |
|
1 |
|a RU
|b 63413507
|c 20081018
|g PSBO
|
| 801 |
|
2 |
|a RU
|b 63413507
|c 20090303
|g PSBO
|
| 942 |
|
|
|c BK
|